000 00372nam a2200145Ia 4500
008 191201s2005 xx 000 0 und d
082 _a621.38216
_bFLT
100 _aFLOOD, J E
245 0 _aTelecommunication Switching, Traffic and Networks
250 _a15th
260 _aN.Delhi
_bPearson Education
_c2005
300 _a310
650 _aB.Tech(ECE)
942 _2ddc
_cBK
999 _c1681
_d1681